| 000 | 00723nam a22002897b 4500 | ||
|---|---|---|---|
| 001 | 00522042 | ||
| 003 | DO-SdBNP | ||
| 005 | 20180131154114.0 | ||
| 007 | 00522042 | ||
| 008 | 961009s1998 sp | ||| ||spa | ||
| 016 | 7 | _2BPMSU | |
| 020 | _a0440227534 | ||
| 040 |
_aBPMSU _bspa _cBPMSU _e |
||
| 041 | 1 |
_aspa _h |
|
| 080 | 0 | _a087.5:82 | |
| 100 | 1 |
_aLowry, Lois _d1937- |
|
| 240 | 1 | 0 | _l |
| 245 | 1 | 1 |
_aNumber the stars / _h _cLois Lowry |
| 250 | _a | ||
| 260 |
_aNew York : _b Laurel Leaf Books _c1998 |
||
| 300 |
_a137 p. : _bil.; _c19 cm |
||
| 490 | 0 |
_aLaurel Leaf _v |
|
| 830 | _a Laurel Leaf | ||
| 942 |
_2ddc _cBK |
||
| 945 | _aInventariado, 2018 / BT | ||
| 956 |
_a VMATEO _b10 _c20160525 _dBPMSU _f00069 |
||
| 999 |
_c10220 _d10220 |
||